000 00766nam a22002297a 4500
003 UA-OsUOA
001 20537
007 ta
008 20031031b un ||||| |||| 00| 0 ukr d
090 _a911.375 (47+57)
_bГ70
942 _cBK
040 _aUA-OsUOA
_brus
_cUA-OsUOA
_dUA-OsUOA
245 _aГорода-герои Великой Отечественной Войны
_bАтлас
_cРед. Э.ГалиуллинаРед. Е.Л.Аулова
300 _a80 с.
_bІлюстрації
955 _a0
041 _arus
080 _a911.375 (47+57)
260 _aМ.
_bГлавное управление геодезии и картографии при Совете Министров СССР
_c1985
044 _aRU
650 7 _2UDC
999 _c306716
_d306716